Rozdielnosť verbálnych odpovedí súvisiacich s vizuálnymi podnetmi

Koncepcia a dizajn vizuálnych podnetov zameraných na rozhodovanie. Experimentálny výskum kognitívneho spracovania vizuálnych podnetov. Kreovanie limitných podmienok rámcových percepčných profilov spotrebiteľského správania.

Uložené v:
Podrobná bibliografia
Hlavný autor: Majtán, Štefan
Ďalší autori: Šlosár, Róbert, Štetka, Peter, 1986-
Médium: Kapitola
Jazyk:Slovak
Predmet:
Tagy: Pridať tag
Žiadne tagy, Buďte prvý, kto otaguje tento záznam!

MARC

LEADER 00000naa$a2200000$$$4500
001 0250097
005 20240502074014.6
041 0 |a slo 
044 |a SK 
245 1 0 |a Rozdielnosť verbálnych odpovedí súvisiacich s vizuálnymi podnetmi  |c Štefan Majtán, Róbert Šlosár, Peter Štetka 
520 |a Koncepcia a dizajn vizuálnych podnetov zameraných na rozhodovanie. Experimentálny výskum kognitívneho spracovania vizuálnych podnetov. Kreovanie limitných podmienok rámcových percepčných profilov spotrebiteľského správania. 
610 2 0 |a marketing 
610 2 0 |a reklama 
610 2 0 |a spoty reklamné 
610 2 0 |a rozhodovanie 
610 2 0 |a spotrebitelia 
610 2 0 |a správanie spotrebiteľa 
610 2 0 |a väzba spätná 
100 1 |a Majtán, Štefan 
700 1 |a Šlosár, Róbert 
700 1 |a Štetka, Peter, 1986-